Powieści poetyckie /

Saved in:
书目详细资料
主要作者: Słowacki, Juliusz (1809-1849)
企业作者: Ossolineum
其他作者: Ursel, Marian (1950- ) (Autor wstępu, Redaktor)
格式: 图书
语言:波兰语
出版: Wrocław ; Warszawa ; Kraków ; Gdańsk ; Łódź : Zakład Narodowy im. Ossolińskich - Wydawnictwo, © copyright 1987.
丛编:Nasza Biblioteka
标签: 添加标签
没有标签, 成为第一个标记此记录!

MARC

LEADER 00000cam a2200000 i 4500
001 9914934401705606
005 20260515140227.0
008 060427s1987 pl 000 1dpol c
020 |a 8304021382 
020 |z 83040211382 
035 |a 7159623-48omnis_network 
035 |a (NUKAT)7159623 
035 |a zz2006985285 
035 |a (PL)b0001480557819 
040 |a POZN U  |c POZN U 
090 |c 84  |d 83 
100 1 |a Słowacki, Juliusz  |d (1809-1849) 
245 1 0 |a Powieści poetyckie /  |c Juliusz Słowacki ; wstęp i przypisy Marian Ursel. 
260 |a Wrocław ;  |a Warszawa ;  |a Kraków ;  |a Gdańsk ;  |a Łódź :  |b Zakład Narodowy im. Ossolińskich - Wydawnictwo,  |c © copyright 1987. 
300 |a 248 stron ;  |c 20 cm. 
490 1 |a Nasza Biblioteka 
500 |a Na stronie redakcyjnej ISBN ma nieprawidłową długość. 
500 |a Spis treści na 3 stronie okładki. 
504 |a Bibliografia na stronie 51. 
700 1 |a Ursel, Marian  |d (1950- )  |e Autor wstępu  |e Redaktor 
710 2 |a Ossolineum 
830 0 |a Nasza Biblioteka  |x 1896-5989 
920 |a 83-04-02138-2 
920 |z 83-04-021138-2 
942 |c K 
952 |0 0  |1 0  |4 0  |6 R__65_000000000000000  |7 0  |9 81  |a RYT  |b RYT  |d 2026-04-26  |e 1/2026  |g 10.00  |l 0  |o R.65  |p 2000000000657  |r 2026-05-15 14:02:27  |w 2026-05-15  |y BK  |z da 
999 |c 81  |d 81